| 000 | 00988nac a22002291u 4500 | ||
|---|---|---|---|
| 008 | 130114s2004 nju||||| |||| 001 0 eng d | ||
| 020 | _a0131233688 (pbk.) | ||
| 020 | _a9780131233683 | ||
| 082 |
_a660.2 _bHIM _222 |
||
| 100 |
_aHimmelblau, David M. _931864 |
||
| 245 | _aBasic Principles and Calculations in Chemical Engineering. | ||
| 250 |
_a7th ed., International ed. / _bDavid M. Himmelblau, James B. Riggs. |
||
| 260 |
_aUpper Saddle River, N.J. : _bPrentice Hall PTR, _cc2004. |
||
| 300 |
_axxx, 1115 p. : _bill., ports. ; _c24 cm. |
||
| 440 |
_aPrentice Hall PTR International series in the physical and chemical engineering sciences _931865 |
||
| 500 | _aPrevious ed.: 1996. | ||
| 500 | _aSteam tables on folded sheet in pocket. _ One CD-ROM in pocket attached to inside back cover. | ||
| 504 | _aIncludes bibliographical references and index. | ||
| 650 |
_aChemical engineering _xMathematics. _99378 |
||
| 700 |
_aRiggs, James B. _931866 |
||
| 942 |
_cBB _k660.2 HIM _2ddc |
||
| 999 |
_c989 _d989 |
||